|
|
|
|
| LEADER |
01444nam a2200325 a 4500 |
| 001 |
15199754 |
| 003 |
BD-DhAAL |
| 005 |
20250703120634.0 |
| 008 |
091112s2009 caua b 001 0 eng d |
| 010 |
|
|
|a 2008008498
|
| 020 |
|
|
|a 9781412951418 (pbk. : acid-free paper)
|
| 040 |
|
|
|a DLC
|c DLC
|d DLC
|d BD-DhAAL
|
| 082 |
0 |
0 |
|a 658/.049
|2 22
|
| 100 |
1 |
|
|a Rodrigues, Carl.
|9 58649
|
| 245 |
1 |
0 |
|a International management :
|b a cultural approach /
|c Carl Rodrigues.
|
| 250 |
|
|
|a Third edition.
|
| 260 |
|
|
|a Los Angeles :
|b Sage Publications,
|c c2009.
|
| 300 |
|
|
|a xxii, 535 pages :
|b illustrations ;
|c 26 cm.
|
| 504 |
|
|
|a Includes bibliographical references and index.
|
| 526 |
|
|
|a BBS
|x Requisitioned by Faculties of BBS
Course name and no : N/A
|
| 541 |
1 |
|
|a Karim International
|e 00019559
|
| 650 |
|
0 |
|a International business enterprises
|x Management
|x Social aspects.
|9 58648
|
| 650 |
|
0 |
|a Strategic planning
|x Social aspects.
|9 58650
|
| 650 |
|
0 |
|a International business enterprises
|x Management
|v Case studies.
|9 58642
|
| 650 |
|
0 |
|a Intercultural communication.
|
| 650 |
|
0 |
|a Management.
|
| 852 |
4 |
|
|a Ayesha Abed Library
|j General Shelf.
|
| 942 |
|
|
|2 ddc
|c BK
|
| 999 |
|
|
|c 5503
|d 5503
|
| 952 |
|
|
|0 0
|1 0
|2 ddc
|4 0
|6 658_049000000000000_ROD
|7 0
|9 5376
|a BRACUL
|b BRACUL
|c GEN
|d 2009-11-10
|e Karim International
|g 1989.00
|l 4
|o 658.049 ROD
|p 3010019559
|r 2014-07-06
|s 2014-06-01
|t 1
|w 2009-11-15
|y BK
|x Requisitioned by Faculties of BBS. Course name and no. "not available".
|